Đất xây dựng địa chất công trình và kỹ thuật cải tạo đất trong xây dựng (Chương trình nâng cao)
সংরক্ষণ করুন:
| প্রধান লেখক: | |
|---|---|
| বিন্যাস: | গ্রন্থ |
| ভাষা: | Undetermined |
| বিষয়গুলি: | |
| ট্যাগগুলো: |
ট্যাগ যুক্ত করুন
কোনো ট্যাগ নেই, প্রথমজন হিসাবে ট্যাগ করুন!
|
| Thư viện lưu trữ: | Trung tâm Học liệu Trường Đại học Cần Thơ |
|---|
| LEADER | 00620nam a2200157Ia 4500 | ||
|---|---|---|---|
| 001 | CTU_129298 | ||
| 008 | 210402s9999 xx 000 0 und d | ||
| 020 | |c 62000 | ||
| 082 | |a 624.151 | ||
| 082 | |b B302 | ||
| 100 | |a Nguyễn, Ngọc Bích | ||
| 245 | 0 | |a Đất xây dựng địa chất công trình và kỹ thuật cải tạo đất trong xây dựng (Chương trình nâng cao) | |
| 245 | 0 | |c Nguyễn Ngọc Bích, Lê Thị Thanh Bình và Vũ Đình Phụng | |
| 650 | |a Engineering geology,Foundations | ||
| 904 | |i Minh | ||
| 980 | |a Trung tâm Học liệu Trường Đại học Cần Thơ | ||